| 000 | 00688nam a22001577a 4500 | ||
|---|---|---|---|
| 003 | OSt | ||
| 005 | 20151208142052.0 | ||
| 008 | 151205b xxu||||| |||| 00| 0 eng d | ||
| 040 | _cRUA | ||
| 082 | _aFIS PEN 2003 B187 Or.1 | ||
| 100 |
_94329 _aPEN, VEASNA. |
||
| 245 | _aStudy of fishing gear utilization in community fisheries in lvea em district kandal province, ការសិក្សាពីឧបករណ៍នេសាទដែលបានប្រើប្រាស់ក្នុងសហគមន៍នេសាទនៃស្រុកល្វាឯម ខេត្តកណ្ដាល | ||
| 260 |
_aPhnom Penh _bRUA _c2003 |
||
| 300 |
_a58p. _bill. _c28cm. |
||
| 942 |
_2ddc _cFIS |
||
| 999 |
_c4042 _d4042 |
||